Glossary of sugar technology

Gorde:
Xehetasun bibliografikoak
Egile nagusia: C A Miller
Formatua: Liburua
Hizkuntza:Undetermined
Argitaratua: Amsterdam, Netherland Elsevier 1970
Gaiak:
Etiketak: Etiketa erantsi
Etiketarik gabe, Izan zaitez lehena erregistro honi etiketa jartzen!
Thư viện lưu trữ: Trung tâm Học liệu Trường Đại học Cần Thơ
LEADER 00500nam a2200181Ia 4500
001 CTU_26610
008 210402s9999 xx 000 0 und d
082 |a 664.1 
082 |b M958 
100 |a C A Miller 
245 0 |a Glossary of sugar technology 
245 0 |c C A Miller 
260 |a Amsterdam, Netherland 
260 |b Elsevier 
260 |c 1970 
650 |a sugarcane industry,technology - dictionaries 
904 |i Minh, 981015 
980 |a Trung tâm Học liệu Trường Đại học Cần Thơ